000
00287nam a22000977a 4500
999
_c
8404
_d
8405
008
191128b ||||| |||| 00| 0 eng d
245
_a
Wangchhu water security Index report 2017
260
_a
Thimphu ;
_b
National Environment Commission,
_c
2019.
300
_a
xiii, 61 p.
_c
24 cm.
942
_2
ddc